| 000 | 01070pam a2200313 i 4500 | ||
|---|---|---|---|
| 001 | sjds170123 | ||
| 003 | sjds | ||
| 005 | 20170707161527.0 | ||
| 008 | 920923t19931993maua j 000 0 spa | ||
| 020 | _a9780395787816 (pbk.) | ||
| 020 | _a0395787815 (pbk.) | ||
| 040 |
_aDLC _erda _csjds _dsjds |
||
| 082 | 0 | 0 |
_a398.24/5 _aE _220 |
| 090 | _aJ 398.2 Koh | ||
| 100 | 1 |
_aKohen, Clarita, _d1943- |
|
| 245 | 1 | 3 |
_aEl conejo y el coyote / _cClarita Kohen ; ilustraciones de Gina Menicucci. |
| 260 |
_aBoston, MA : _bHoughton Mifflin, _c1997, c1993 |
||
| 300 |
_a27 pages : _bcolor illustrations ; _c26 cm. |
||
| 336 |
_atext _btxt _2rdacontent. |
||
| 337 |
_aunmediated _bn _2rdamedia. |
||
| 338 |
_avolume _bnc _2rdacarrier. |
||
| 520 | _aIn this rhyming adaptation of the traditional Mexican tale, the coyote tries to trick the rabbit with humorous results. | ||
| 650 | 0 |
_aFolklore _zMexico. |
|
| 655 | 1 | _aStories in rhyme. | |
| 655 | 0 | _aSpanish language materials. | |
| 655 | 0 | _aJuvenile literature. | |
| 700 | 1 |
_aMenicucci, Gina, _eillustrator. |
|
| 942 |
_2ddc _cBK |
||
| 999 |
_c18166 _d18166 |
||